<?xml version="1.0" encoding="UTF-8"?>
<collection xmlns="http://www.loc.gov/MARC21/slim">
 <record>
  <leader>06510cam a2200877 c 4500</leader>
  <controlfield tag="001">354346733</controlfield>
  <controlfield tag="003">DE-627</controlfield>
  <controlfield tag="005">20260421160602.0</controlfield>
  <controlfield tag="007">tu</controlfield>
  <controlfield tag="008">020926s2003    gw ||||| r    00| ||ger c</controlfield>
  <datafield tag="020" ind1=" " ind2=" ">
   <subfield code="a">3422063560</subfield>
   <subfield code="9">3-422-06356-0</subfield>
  </datafield>
  <datafield tag="035" ind1=" " ind2=" ">
   <subfield code="a">(DE-627)354346733</subfield>
  </datafield>
  <datafield tag="035" ind1=" " ind2=" ">
   <subfield code="a">(DE-576)100139221</subfield>
  </datafield>
  <datafield tag="035" ind1=" " ind2=" ">
   <subfield code="a">(DE-599)GBV354346733</subfield>
  </datafield>
  <datafield tag="035" ind1=" " ind2=" ">
   <subfield code="a">(OCoLC)1532720632</subfield>
  </datafield>
  <datafield tag="035" ind1=" " ind2=" ">
   <subfield code="a">(OCoLC)163405257</subfield>
  </datafield>
  <datafield tag="035" ind1=" " ind2=" ">
   <subfield code="a">(AT-OBV)AC03477761</subfield>
  </datafield>
  <datafield tag="040" ind1=" " ind2=" ">
   <subfield code="a">DE-627</subfield>
   <subfield code="b">ger</subfield>
   <subfield code="c">DE-627</subfield>
   <subfield code="e">rakwb</subfield>
  </datafield>
  <datafield tag="041" ind1=" " ind2=" ">
   <subfield code="a">ger</subfield>
  </datafield>
  <datafield tag="044" ind1=" " ind2=" ">
   <subfield code="c">XA-DE</subfield>
  </datafield>
  <datafield tag="050" ind1=" " ind2="0">
   <subfield code="a">NE647</subfield>
  </datafield>
  <datafield tag="084" ind1=" " ind2=" ">
   <subfield code="a">46</subfield>
   <subfield code="2">sdnb</subfield>
  </datafield>
  <datafield tag="084" ind1=" " ind2=" ">
   <subfield code="a">03</subfield>
   <subfield code="2">sdnb</subfield>
  </datafield>
  <datafield tag="084" ind1=" " ind2=" ">
   <subfield code="a">9,10</subfield>
   <subfield code="2">ssgn</subfield>
  </datafield>
  <datafield tag="084" ind1=" " ind2=" ">
   <subfield code="a">LM 85000</subfield>
   <subfield code="q">BVB</subfield>
   <subfield code="2">rvk</subfield>
   <subfield code="0">(DE-625)rvk/101525:</subfield>
  </datafield>
  <datafield tag="084" ind1=" " ind2=" ">
   <subfield code="a">LM 85120</subfield>
   <subfield code="q">BVB</subfield>
   <subfield code="2">rvk</subfield>
   <subfield code="0">(DE-625)rvk/101530:</subfield>
  </datafield>
  <datafield tag="084" ind1=" " ind2=" ">
   <subfield code="a">LM 85130</subfield>
   <subfield code="q">BVB</subfield>
   <subfield code="2">rvk</subfield>
   <subfield code="0">(DE-625)rvk/101531:</subfield>
  </datafield>
  <datafield tag="084" ind1=" " ind2=" ">
   <subfield code="a">LM 85340</subfield>
   <subfield code="q">BVB</subfield>
   <subfield code="2">rvk</subfield>
   <subfield code="0">(DE-625)rvk/101552:</subfield>
  </datafield>
  <datafield tag="084" ind1=" " ind2=" ">
   <subfield code="a">LM 85330</subfield>
   <subfield code="2">rvk</subfield>
   <subfield code="0">(DE-625)rvk/101551:</subfield>
  </datafield>
  <datafield tag="084" ind1=" " ind2=" ">
   <subfield code="a">20.70</subfield>
   <subfield code="2">bkl</subfield>
  </datafield>
  <datafield tag="084" ind1=" " ind2=" ">
   <subfield code="a">21.32</subfield>
   <subfield code="2">bkl</subfield>
  </datafield>
  <datafield tag="245" ind1="0" ind2="4">
   <subfield code="a">Die Kunst der Interpretation</subfield>
   <subfield code="b">französische Reproduktionsgraphik 1648-1792</subfield>
   <subfield code="c">Norberto Gramaccini ; Hans Jakob Meier</subfield>
  </datafield>
  <datafield tag="264" ind1=" " ind2="1">
   <subfield code="a">München</subfield>
   <subfield code="a">Berlin</subfield>
   <subfield code="b">Deutscher Kunstverlag</subfield>
   <subfield code="c">2003</subfield>
  </datafield>
  <datafield tag="300" ind1=" " ind2=" ">
   <subfield code="a">382 S.</subfield>
   <subfield code="b">überw. Ill.</subfield>
   <subfield code="c">184 Ill. ; 32,5 cm</subfield>
  </datafield>
  <datafield tag="336" ind1=" " ind2=" ">
   <subfield code="a">Text</subfield>
   <subfield code="b">txt</subfield>
   <subfield code="2">rdacontent</subfield>
  </datafield>
  <datafield tag="337" ind1=" " ind2=" ">
   <subfield code="a">ohne Hilfsmittel zu benutzen</subfield>
   <subfield code="b">n</subfield>
   <subfield code="2">rdamedia</subfield>
  </datafield>
  <datafield tag="338" ind1=" " ind2=" ">
   <subfield code="a">Band</subfield>
   <subfield code="b">nc</subfield>
   <subfield code="2">rdacarrier</subfield>
  </datafield>
  <datafield tag="500" ind1=" " ind2=" ">
   <subfield code="a">Literaturverz. S. 371 - 378</subfield>
  </datafield>
  <datafield tag="520" ind1=" " ind2=" ">
   <subfield code="a">Eine der bedeutendsten künstlerischen Leistungen des Barock, die Reproduktionsgraphik, führt seit fast einem Jahrhundert in den graphischen Sammlungen ein Schattendasein. Das gilt insbesondere für den Kupferstich, den Holzschnitt und für die Radierung nach den Meisterwerken italienischer, französischer und flämischer Kunst, wie er vor allem in Frankreich unterrichtet wurde. Es war eine Kunst, die über fast zwei Jahrhunderte zu den hinreißendsten Leistungen führte, die die herausragendsten französischen Kupferstecher oft über Jahrzehnte mit den verschiedenen europäischen Herrscherhäusern verband. Häufig wurden Kupferstiche ebenso heftig diskutiert wie die Originale selbst, manchmal stellten sie diese sogar in den Schatten. Das nun vorliegende Handbuch dient zur Einführung in die Kunst des französischen Reproduktionsstiches von 1648 bis 1792. Es umfaßt Kupferstich und Radierung ebenso wie den Farbholzschnitt und die verschiedenen Techniken zur farbigen Wiedergabe eines Originals, die sich im späteren 18. Jahrhundert mit der manière de crayon und den Vorläufern des Vierfarbendrucks entwickelt haben. Knappe Texte führen in den umfangreichen Bildteil und in den detaillierten Katalog ein.</subfield>
  </datafield>
  <datafield tag="583" ind1="1" ind2=" ">
   <subfield code="a">Archivierung/Langzeitarchivierung gewährleistet</subfield>
   <subfield code="f">SSG</subfield>
   <subfield code="x">XA-DE-BW</subfield>
   <subfield code="2">pdager</subfield>
   <subfield code="5">DE-16</subfield>
  </datafield>
  <datafield tag="650" ind1=" " ind2="0">
   <subfield code="a">Graphic arts</subfield>
   <subfield code="x">History</subfield>
   <subfield code="x">17th century</subfield>
   <subfield code="x">France</subfield>
  </datafield>
  <datafield tag="650" ind1=" " ind2="0">
   <subfield code="a">Graphic arts</subfield>
   <subfield code="x">History</subfield>
   <subfield code="x">18th century</subfield>
   <subfield code="x">France</subfield>
  </datafield>
  <datafield tag="650" ind1=" " ind2="0">
   <subfield code="a">Engraving, French</subfield>
   <subfield code="x">History</subfield>
   <subfield code="x">17th century</subfield>
  </datafield>
  <datafield tag="650" ind1=" " ind2="0">
   <subfield code="a">Engraving, French</subfield>
   <subfield code="x">History</subfield>
   <subfield code="x">18th century</subfield>
  </datafield>
  <datafield tag="650" ind1=" " ind2="0">
   <subfield code="a">Prints, French</subfield>
   <subfield code="x">History</subfield>
   <subfield code="x">17th century</subfield>
  </datafield>
  <datafield tag="650" ind1=" " ind2="0">
   <subfield code="a">Prints, French</subfield>
   <subfield code="x">History</subfield>
   <subfield code="x">18th century</subfield>
  </datafield>
  <datafield tag="650" ind1=" " ind2="0">
   <subfield code="a">Art, French</subfield>
   <subfield code="x">Copying</subfield>
  </datafield>
  <datafield tag="650" ind1=" " ind2="0">
   <subfield code="a">Art, French</subfield>
   <subfield code="x">Reproduction</subfield>
  </datafield>
  <datafield tag="655" ind1=" " ind2="7">
   <subfield code="a">Verzeichnis</subfield>
   <subfield code="0">(DE-588)4188171-0</subfield>
   <subfield code="0">(DE-627)105266639</subfield>
   <subfield code="0">(DE-576)210051078</subfield>
   <subfield code="2">gnd-content</subfield>
  </datafield>
  <datafield tag="689" ind1="0" ind2="0">
   <subfield code="d">g</subfield>
   <subfield code="0">(DE-588)4018145-5</subfield>
   <subfield code="0">(DE-627)106327232</subfield>
   <subfield code="0">(DE-576)208922857</subfield>
   <subfield code="a">Frankreich</subfield>
   <subfield code="2">gnd</subfield>
  </datafield>
  <datafield tag="689" ind1="0" ind2="1">
   <subfield code="d">s</subfield>
   <subfield code="0">(DE-588)4115750-3</subfield>
   <subfield code="0">(DE-627)104660759</subfield>
   <subfield code="0">(DE-576)209495758</subfield>
   <subfield code="a">Reproduktionsgrafik</subfield>
   <subfield code="2">gnd</subfield>
  </datafield>
  <datafield tag="689" ind1="0" ind2="2">
   <subfield code="a">z</subfield>
   <subfield code="2">gnd</subfield>
   <subfield code="a">Geschichte 1648-1792</subfield>
  </datafield>
  <datafield tag="689" ind1="0" ind2=" ">
   <subfield code="5">DE-101</subfield>
  </datafield>
  <datafield tag="700" ind1="1" ind2=" ">
   <subfield code="a">Gramaccini, Norberto</subfield>
   <subfield code="d">1951-</subfield>
   <subfield code="0">(DE-588)118191861</subfield>
   <subfield code="0">(DE-627)079296874</subfield>
   <subfield code="0">(DE-576)174989857</subfield>
   <subfield code="4">oth</subfield>
  </datafield>
  <datafield tag="700" ind1="1" ind2=" ">
   <subfield code="a">Meier, Hans Jakob</subfield>
   <subfield code="0">(DE-588)124640168</subfield>
   <subfield code="0">(DE-627)521517761</subfield>
   <subfield code="0">(DE-576)294425306</subfield>
   <subfield code="4">oth</subfield>
  </datafield>
  <datafield tag="785" ind1="0" ind2="0">
   <subfield code="i">Gefolgt von</subfield>
   <subfield code="a">Gramaccini, Norberto, 1951 - </subfield>
   <subfield code="t">Die Kunst der Interpretation</subfield>
   <subfield code="d">Berlin : Deutscher Kunstverlag, 2009</subfield>
   <subfield code="h">518 Seiten</subfield>
   <subfield code="w">(DE-627)1617513148</subfield>
   <subfield code="w">(DE-576)302296344</subfield>
   <subfield code="z">9783422068728</subfield>
  </datafield>
  <datafield tag="787" ind1="0" ind2="8">
   <subfield code="i">Rezensiert in</subfield>
   <subfield code="a">Rümelin, Christian, 1966 - </subfield>
   <subfield code="t">[Rezension von: Norberto Gramaccini / Hans Jakob Meier, Die Kunst der Interpretation]</subfield>
   <subfield code="d">2004</subfield>
   <subfield code="w">(DE-627)1919836004</subfield>
  </datafield>
  <datafield tag="856" ind1="4" ind2="2">
   <subfield code="u">http://www.gbv.de/dms/weimar/toc/354346733_toc.pdf</subfield>
   <subfield code="m">V:DE-601</subfield>
   <subfield code="m">B:DE-Wim2</subfield>
   <subfield code="x">Verlag</subfield>
   <subfield code="y">Inhaltsverzeichnis</subfield>
   <subfield code="3">Inhaltsverzeichnis</subfield>
   <subfield code="7">1</subfield>
  </datafield>
  <datafield tag="856" ind1="4" ind2="2">
   <subfield code="u">https://swbplus.bsz-bw.de/bsz100139221rez-1.htm</subfield>
   <subfield code="m">B:DE-576;DE-16</subfield>
   <subfield code="q">application/pdf</subfield>
   <subfield code="v">20081105203932</subfield>
   <subfield code="x">Verlag</subfield>
   <subfield code="3">Rezension</subfield>
   <subfield code="7">1</subfield>
  </datafield>
  <datafield tag="856" ind1="4" ind2="2">
   <subfield code="u">https://swbplus.bsz-bw.de/bsz100139221rez.htm</subfield>
   <subfield code="m">V:DE-576</subfield>
   <subfield code="v">2005-05-24</subfield>
   <subfield code="3">Rezension</subfield>
   <subfield code="7">1</subfield>
  </datafield>
  <datafield tag="856" ind1="4" ind2="2">
   <subfield code="u">http://www.sehepunkte.de/2004/01/2834.html</subfield>
   <subfield code="m">V:DE-576;X:Sehepunkte</subfield>
   <subfield code="q">text/html</subfield>
   <subfield code="v">20180424122843</subfield>
   <subfield code="3">Rezension</subfield>
   <subfield code="7">1</subfield>
  </datafield>
  <datafield tag="856" ind1="4" ind2="2">
   <subfield code="u">http://www.h-net.org/review/hrev-a0d2c6-aa</subfield>
   <subfield code="x">Verlag</subfield>
   <subfield code="y">Book review (H-Net)</subfield>
   <subfield code="7">1</subfield>
  </datafield>
  <datafield tag="935" ind1=" " ind2=" ">
   <subfield code="i">Blocktest</subfield>
  </datafield>
  <datafield tag="936" ind1="r" ind2="v">
   <subfield code="a">LM 85000</subfield>
   <subfield code="b">Allgemeine Darstellungen (Geschichte, Abbildungswerke, Gesammelte Biografien von Zeichnern, Grafikern)</subfield>
   <subfield code="k">Kunstgeschichte</subfield>
   <subfield code="k">Kunst nach Ländern bzw. Kontinenten</subfield>
   <subfield code="k">Frankreich</subfield>
   <subfield code="k">Französische Kunstgeschichte nach Gattungen</subfield>
   <subfield code="k">Zeichnung und Grafik</subfield>
   <subfield code="k">Allgemeine Darstellungen (Geschichte, Abbildungswerke, Gesammelte Biografien von Zeichnern, Grafikern)</subfield>
   <subfield code="0">(DE-627)127114459X</subfield>
   <subfield code="0">(DE-625)rvk/101525:</subfield>
   <subfield code="0">(DE-576)20114459X</subfield>
  </datafield>
  <datafield tag="936" ind1="r" ind2="v">
   <subfield code="a">LM 85120</subfield>
   <subfield code="b">Malerei</subfield>
   <subfield code="k">Kunstgeschichte</subfield>
   <subfield code="k">Kunst nach Ländern bzw. Kontinenten</subfield>
   <subfield code="k">Frankreich</subfield>
   <subfield code="k">Französische Kunstgeschichte nach Gattungen</subfield>
   <subfield code="k">Zeichnung und Grafik</subfield>
   <subfield code="k">Beziehungen zu anderen Kunstgattungen</subfield>
   <subfield code="k">Malerei</subfield>
   <subfield code="0">(DE-627)1271144638</subfield>
   <subfield code="0">(DE-625)rvk/101530:</subfield>
   <subfield code="0">(DE-576)201144638</subfield>
  </datafield>
  <datafield tag="936" ind1="r" ind2="v">
   <subfield code="a">LM 85130</subfield>
   <subfield code="b">Skulptur</subfield>
   <subfield code="k">Kunstgeschichte</subfield>
   <subfield code="k">Kunst nach Ländern bzw. Kontinenten</subfield>
   <subfield code="k">Frankreich</subfield>
   <subfield code="k">Französische Kunstgeschichte nach Gattungen</subfield>
   <subfield code="k">Zeichnung und Grafik</subfield>
   <subfield code="k">Beziehungen zu anderen Kunstgattungen</subfield>
   <subfield code="k">Skulptur</subfield>
   <subfield code="0">(DE-627)1271144646</subfield>
   <subfield code="0">(DE-625)rvk/101531:</subfield>
   <subfield code="0">(DE-576)201144646</subfield>
  </datafield>
  <datafield tag="936" ind1="r" ind2="v">
   <subfield code="a">LM 85340</subfield>
   <subfield code="b">Rokoko</subfield>
   <subfield code="k">Kunstgeschichte</subfield>
   <subfield code="k">Kunst nach Ländern bzw. Kontinenten</subfield>
   <subfield code="k">Frankreich</subfield>
   <subfield code="k">Französische Kunstgeschichte nach Gattungen</subfield>
   <subfield code="k">Zeichnung und Grafik</subfield>
   <subfield code="k">Einzelne Epochen</subfield>
   <subfield code="k">Rokoko</subfield>
   <subfield code="0">(DE-627)1271144808</subfield>
   <subfield code="0">(DE-625)rvk/101552:</subfield>
   <subfield code="0">(DE-576)201144808</subfield>
  </datafield>
  <datafield tag="936" ind1="r" ind2="v">
   <subfield code="a">LM 85330</subfield>
   <subfield code="b">Barock</subfield>
   <subfield code="k">Kunstgeschichte</subfield>
   <subfield code="k">Kunst nach Ländern bzw. Kontinenten</subfield>
   <subfield code="k">Frankreich</subfield>
   <subfield code="k">Französische Kunstgeschichte nach Gattungen</subfield>
   <subfield code="k">Zeichnung und Grafik</subfield>
   <subfield code="k">Einzelne Epochen</subfield>
   <subfield code="k">Barock</subfield>
   <subfield code="0">(DE-627)1271144794</subfield>
   <subfield code="0">(DE-625)rvk/101551:</subfield>
   <subfield code="0">(DE-576)201144794</subfield>
  </datafield>
  <datafield tag="936" ind1="b" ind2="k">
   <subfield code="a">20.70</subfield>
   <subfield code="j">Europäische Kunst: Allgemeines</subfield>
   <subfield code="0">(DE-627)106406566</subfield>
  </datafield>
  <datafield tag="936" ind1="b" ind2="k">
   <subfield code="a">21.32</subfield>
   <subfield code="j">Geschichte der Graphik</subfield>
   <subfield code="0">(DE-627)106405756</subfield>
  </datafield>
  <datafield tag="951" ind1=" " ind2=" ">
   <subfield code="a">BO</subfield>
  </datafield>
  <datafield tag="990" ind1=" " ind2=" ">
   <subfield code="a">Frankreich</subfield>
  </datafield>
  <datafield tag="990" ind1=" " ind2=" ">
   <subfield code="a">Reproduktionsgrafik</subfield>
  </datafield>
  <datafield tag="990" ind1=" " ind2=" ">
   <subfield code="a">Geschichte 1648-1792</subfield>
  </datafield>
  <datafield tag="991" ind1=" " ind2=" ">
   <subfield code="a">rzensiertes werk</subfield>
  </datafield>
  <datafield tag="999" ind1=" " ind2=" ">
   <subfield code="a">KXP-PPN354346733</subfield>
   <subfield code="e">4966471761</subfield>
  </datafield>
 </record>
</collection>
